District centres have no need requirement (Record no. 65562)
[ view plain ]
| 000 -LEADER | |
|---|---|
| fixed length control field | 01225cam a2200229 4500 |
| 001 - CONTROL NUMBER | |
| control field | ABS63337 |
| 008 - FIXED-LENGTH DATA ELEMENTS--GENERAL INFORMATION | |
| fixed length control field | 000000n2000 000 0 eng u |
| 035 ## - SYSTEM CONTROL NUMBER | |
| System control number | (Sirsi) u109897 |
| 100 ## - MAIN ENTRY--PERSONAL NAME | |
| Personal name | Williams, J |
| 245 ## - TITLE STATEMENT | |
| Title | District centres have no need requirement |
| 260 ## - PUBLICATION, DISTRIBUTION, ETC. | |
| Date of publication, distribution, etc. | 2000 |
| 490 ## - SERIES STATEMENT | |
| Series statement | Planning (for the Natural and Built Environment) |
| Volume/sequential designation | (1396) 24 November 2000, 20(1) |
| 520 ## - SUMMARY, ETC. | |
| Summary, etc. | Examines a High Court hearing, involving an appeal by Tesco against the SoS's refusal to allow an extension to a store in Kettering, where the judgment clarifies the interpretation of the February 1999 ministerial statement on retail development in district centres. The article examines the approach taken by inspectors towards the interpretaion of PPG6, the ministerial statement and the phrase 'out-of-centre' and concludes that policy is not clear on this point and that city, town and district centres should all represent preferred locations for new retail developments. |
| 590 ## - LOCAL NOTE (RLIN) | |
| Local note | ABS |
| 650 ## - SUBJECT ADDED ENTRY--TOPICAL TERM | |
| Topical term or geographic name entry element | PLANNING POLICY |
| 650 ## - SUBJECT ADDED ENTRY--TOPICAL TERM | |
| Topical term or geographic name entry element | PLANNING POLICY GUIDANCE NOTE SIX |
| 650 ## - SUBJECT ADDED ENTRY--TOPICAL TERM | |
| Topical term or geographic name entry element | DEVELOPMENT CONTROL |
| 650 ## - SUBJECT ADDED ENTRY--TOPICAL TERM | |
| Topical term or geographic name entry element | RETAIL DEVELOPMENT |
| 650 ## - SUBJECT ADDED ENTRY--TOPICAL TERM | |
| Topical term or geographic name entry element | TOWN CENTRES |
| 690 ## - LOCAL SUBJECT ADDED ENTRY--TOPICAL TERM (OCLC, RLIN) | |
| Topical term or geographic name as entry element | Planning and development |
| 9 (RLIN) | 6259 |
| 942 ## - ADDED ENTRY ELEMENTS (KOHA) | |
| Suppress in OPAC | 0 |
| Withdrawn status | Lost status | Source of classification or shelving scheme | Damaged status | Not for loan | Home library | Current library | Shelving location | Date acquired | Total Checkouts | Full call number | Barcode | Date last seen | Copy number | Price effective from | Koha item type |
|---|---|---|---|---|---|---|---|---|---|---|---|---|---|---|---|
| Dewey Decimal Classification | London | London | Journal article | 12/12/2000 | ABS63337 | 109897-1001 | 06/08/2019 | 1 | 06/08/2019 | Journal article |